[Event "Challenge"]
[Site "http://www.queenalice.com/game.php?id=387090"]
[Date "2008.4.13"]
[Round "-"]
[White "dondito1"]
[Black "Edmilson9975"]
[Result "1-0"]
[WhiteElo "1500"]
[BlackElo "1100"]

1. f4 d5 2. Nf3 Bf5 3. e3 Nf6 4. b3 e6 5. Bb2 Bc5 6. Nc3 Nc6 7. Bb5 Qd7 8. Ne5
Qe7 9. Nxc6 bxc6 10. Bxc6+ Kf8 11. Bxa8 Qd7 12. Na4 Qd6 13. Bxf6 gxf6 14. Nxc5
Qxc5 15. O-O Rg8 16. Kh1 Be4 17. Rf2 Qb6 18. Qh5 d4 19. Bxe4 dxe3 20. Re2 Qd4
21. Rd1 Qxe4 22. dxe3 Qg6 23. Qxg6 Rxg6 24. Rd8+ Ke7 25. Red2 h5 26. R2d7# 1-0

[Event "Let's Play Chess!"]
[Site "http://www.queenalice.com/game.php?id=387115"]
[Date "2008.4.13"]
[Round "-"]
[White "Lucky88"]
[Black "dondito1"]
[Result "0-1"]
[WhiteElo "1070"]
[BlackElo "1500"]

1. e4 d6 2. Bc4 Nf6 3. Nc3 c6 4. Nf3 Bg4 5. d3 g6 6. h3 Bc8 7. Ng5 d5 8. exd5
cxd5 9. Bb5+ Bd7 10. Qf3 Bxb5 11. Nxb5 Qa5+ 12. Bd2 Qxb5 0-1

[Event "Challenge"]
[Site "http://www.queenalice.com/game.php?id=388129"]
[Date "2008.4.15"]
[Round "-"]
[White "dondito1"]
[Black "albi"]
[Result "0-1"]
[WhiteElo "1663"]
[BlackElo "1837"]

1. f4 f5 2. e4 fxe4 3. d3 exd3 4. Bxd3 g6 5. Nf3 e6 6. O-O Ne7 7. Nc3 Nbc6 8. a3
Bg7 9. Ng5 O-O 10. Rf3 h6 11. Nge4 b6 12. Qe1 Bb7 13. Rh3 Nf5 14. Ng3 Nce7 15.
Nge4 Nd5 16. g4 Nd4 17. g5 h5 18. Nf6+ Nxf6 19. gxf6 Qxf6 20. Ne4 Bxe4 21. Qxe4
Qf5 22. Qg2 Qg4 23. Bxg6 Ne2+ 24. Kh1 Qxg2+ 25. Kxg2 Nxf4+ 26. Bxf4 Rxf4 27.
Bxh5 Bxb2 28. Rg3+ Kh8 29. Rd1 Rd4 30. Rf1 Rh4 31. Bd1 Be5 32. Rh3 Rg8+ 0-1

[Event "Challenge"]
[Site "http://www.queenalice.com/game.php?id=389841"]
[Date "2008.4.18"]
[Round "-"]
[White "rodrigoma"]
[Black "dondito1"]
[Result "1-0"]
[WhiteElo "1836"]
[BlackElo "1684"]

1. e4 d6 2. d4 Nf6 3. Nc3 c6 4. Nf3 Qa5 5. Bd2 e5 6. dxe5 dxe5 7. Nd5 Qd8 8.
Nxf6+ Qxf6 9. Bg5 Qd6 10. Qxd6 Bxd6 11. O-O-O Bc7 12. Bc4 O-O 13. Be7 Re8 14.
Bb4 a5 15. Bc3 b5 16. Be2 Nd7 17. Ng5 Nf6 18. f3 h6 19. Nh3 Bxh3 20. gxh3 Rad8
21. Rhg1 b4 22. Bd2 Rd7 23. Bxh6 g6 24. Bc4 Bb6 25. Rxg6+ Kh7 26. Rxf6 Rc7 27.
Rdd6 Rg8 28. Rxc6 Rg1+ 29. Kd2 Rd7+ 30. Rcd6 Rc7 31. Rc6 Rd7+ 32. Bd5 Rg2+ 33.
Kd3 Bd4 34. Rxf7+ Rxf7 35. Bxf7 Rxh2 36. Bf8 Rxh3 37. Rf6 Bxb2 38. Bb3 Bc1 39.
Kc4 Bf4 40. Kd5 Rxf3 41. Bd6 Rc3 42. Bxe5 Bxe5 43. Kxe5 Rc5+ 44. Kd4 Rg5 45. e5
Rg4+ 46. Kd5 Kg7 47. Ra6 1-0

[Event "Challenge"]
[Site "http://www.queenalice.com/game.php?id=394488"]
[Date "2008.4.27"]
[Round "-"]
[White "dondito1"]
[Black "KLEOJ"]
[Result "0-1"]
[WhiteElo "1500"]
[BlackElo "2124"]

1. f4 e5 2. fxe5 Nc6 3. Nf3 d6 4. exd6 Bxd6 5. d4 Bg4 6. c3 Bxf3 7. exf3 Qh4+ 8.
Ke2 O-O-O 9. Be3 Nf6 10. Qe1 Qh5 11. Kd2 Rhe8 12. Qf2 Nd5 13. g4 Qg6 14. Bd3 Qf6
15. Re1 Nxe3 16. Be4 Nxg4 17. Qg2 Bf4+ 18. Kd1 Ne3+ 19. Rxe3 Bxe3 0-1

[Event "Challenge"]
[Site "http://www.queenalice.com/game.php?id=395000"]
[Date "2008.4.28"]
[Round "-"]
[White "dwright"]
[Black "dondito1"]
[Result "0-1"]
[WhiteElo "1954"]
[BlackElo "1608"]

1. e4 d6 2. d4 Nf6 3. Bd3 e5 4. Ne2 Bg4 5. d5 Nbd7 6. O-O Be7 7. f3 Bh5 8. g4
Bg6 9. h4 h6 10. Be3 O-O 11. Ng3 Nc5 12. h5 Bh7 13. Nc3 Nxd3 14. Qxd3 a6 15. Rf2
b5 16. a3 Nd7 17. f4 Bh4 18. Kg2 Nf6 19. Kh3 Bxg3 20. Kxg3 Qd7 21. f5 Rfc8 22.
Rh1 Rab8 23. g5 b4 24. Nd1 bxa3 25. Qxa3 hxg5 26. Bxg5 Nxe4+ 27. Kh4 Nxf2 28.
Nxf2 Qxf5 29. Qg3 Rb4+ 30. Ng4 Qxg4+ 31. Qxg4 f5 0-1

[Event "Challenge"]
[Site "http://www.queenalice.com/game.php?id=398123"]
[Date "2008.5.5"]
[Round "-"]
[White "Alain91"]
[Black "dondito1"]
[Result "1-0"]
[WhiteElo "2015"]
[BlackElo "1608"]

1. e4 d5 2. Nc3 d4 3. Nce2 e5 4. Ng3 Nf6 5. Nf3 Bg4 6. h3 Bxf3 7. Qxf3 Nc6 8.
Bb5 Be7 9. Bxc6+ bxc6 10. O-O O-O 11. d3 a5 12. Nf5 a4 13. Qg3 Nh5 14. Qxe5 Re8
15. Nxe7+ Rxe7 16. Qxh5 Qd6 17. Bd2 Re5 18. Qg4 h5 19. Qh4 Qg6 20. f4 Rb5 21. f5
Qd6 22. b3 axb3 23. axb3 Ra3 24. b4 Rxa1 25. Rxa1 Rb8 26. Ra6 g6 27. Bf4 Qxb4
28. Rxc6 Qa4 29. Rxc7 Rb1+ 30. Kh2 Qa5 31. Qd8+ Kg7 32. Qxd4+ Kf8 33. Qh8# 1-0

[Event "Challenge"]
[Site "http://www.queenalice.com/game.php?id=404168"]
[Date "2008.5.16"]
[Round "-"]
[White "KLEOJ"]
[Black "dondito1"]
[Result "1-0"]
[WhiteElo "2097"]
[BlackElo "1691"]

1. e4 d5 2. exd5 Qxd5 3. Nc3 Qd6 4. d4 Nf6 5. Nf3 a6 6. g3 Bg4 7. Bg2 e6 8. O-O
Nc6 9. Bf4 Qd7 10. d5 Nxd5 11. Nxd5 exd5 12. Re1+ Be7 13. Qd2 O-O 14. Ne5 Nxe5
15. Rxe5 c6 16. Rae1 Bf6 17. R5e3 Rae8 18. Qb4 Re6 19. f3 Be7 20. Qb3 Bh5 21.
Bh3 Rxe3 22. Qxe3 Qxh3 23. Qxe7 Bxf3 24. Qxf8+ Kxf8 25. Bd6+ 1-0

[Event "Challenge"]
[Site "http://www.queenalice.com/game.php?id=414418"]
[Date "2008.6.7"]
[Round "-"]
[White "Kronista"]
[Black "dondito1"]
[Result "1-0"]
[WhiteElo "1840"]
[BlackElo "1707"]

1. e4 d5 2. exd5 Qxd5 3. Nc3 Qd6 4. Nf3 Nf6 5. h4 Nc6 6. Bb5 a6 7. Ba4 e5 8. O-O
Bg4 9. d3 b5 10. Bb3 Nd4 11. Re1 Nxf3+ 12. gxf3 Bh3 13. Kh2 Bd7 14. d4 e4+ 15.
Kg2 Bc6 16. fxe4 Qd7 17. d5 Bb7 18. Bg5 h6 19. Bf4 O-O-O 20. a3 g5 21. Bg3 gxh4
22. Bxh4 Rg8+ 23. Kh2 Bd6+ 24. Bg3 Ng4+ 25. Kg2 f5 26. Qf3 Ne5 27. Qxf5 Qxf5 28.
exf5 c5 29. Ne4 Bb8 30. Nxc5 Bxd5+ 31. Bxd5 Rxd5 32. Nxa6 Bd6 33. Rad1 Rxd1 34.
Rxd1 Nc4 35. Kf3 Bxg3 36. fxg3 Nxb2 37. Ra1 Rd8 38. Rb1 Nc4 39. Rxb5 Nxa3 40.
Rb8+ Kd7 41. Nc5+ Ke8 42. Rxd8+ Kxd8 43. c3 1-0

[Event "Challenge"]
[Site "http://www.queenalice.com/game.php?id=414420"]
[Date "2008.6.7"]
[Round "-"]
[White "dondito1"]
[Black "Kronista"]
[Result "1-0"]
[WhiteElo "1646"]
[BlackElo "1759"]

1. f4 f5 2. Nf3 Nf6 3. b3 b6 4. Bb2 Bb7 5. Nc3 e6 6. e3 Bb4 7. Be2 Nc6 8. O-O
Qe7 9. Nb5 O-O-O 10. Nfd4 Kb8 11. a4 Rhg8 12. c3 Bd6 13. Nxc6+ Bxc6 14. a5 g5
15. axb6 cxb6 16. Nxa7 gxf4 17. Nxc6+ dxc6 18. exf4 Bxf4 19. Rxf4 Nh5 20. Bxh5
Qg5 21. Rf2 1-0

[Event "Challenge"]
[Site "http://www.queenalice.com/game.php?id=415252"]
[Date "2008.6.9"]
[Round "-"]
[White "KLEOJ"]
[Black "dondito1"]
[Result "1-0"]
[WhiteElo "2069"]
[BlackElo "1711"]

1. e4 d5 2. exd5 Qxd5 3. Nc3 Qd6 4. d4 Nf6 5. Nf3 Nc6 6. Be2 Bf5 7. d5 Nb4 8.
Bb5+ c6 9. Ba4 Nbxd5 10. Nxd5 Nxd5 11. O-O O-O-O 12. Re1 e6 13. Ne5 Bg6 14. a3
Nb6 15. c3 f6 16. Nxc6 Qxd1 17. Nxa7+ Kb8 18. Bxd1 Kxa7 19. Be3 Bd6 20. a4 h5
21. a5 Bd3 22. Bxb6+ Ka6 23. Bxd8 Rxd8 24. Rxe6 Kb5 25. Bxh5 Bc4 26. Be8+ Ka6
27. Ree1 Be5 28. Bg6 Rd2 29. Re4 Bd3 30. Rg4 f5 31. Rb4 Bc7 32. Rd4 Ka7 33. Bxf5
Bxf5 34. Rxd2 Ka6 35. Rd5 Be4 36. Rd7 1-0

[Event "Challenge"]
[Site "http://www.queenalice.com/game.php?id=417485"]
[Date "2008.6.14"]
[Round "-"]
[White "carver"]
[Black "dondito1"]
[Result "1-0"]
[WhiteElo "1928"]
[BlackElo "1688"]

1. d4 Nf6 2. c4 g6 3. Nc3 d5 4. Bf4 Bg7 5. e3 c5 6. Nb5 cxd4 7. Nc7+ Kf8 8. Nxa8
dxe3 9. Bxe3 Ng4 10. Bd4 e5 11. Bxa7 Qf6 12. Qxd5 Nc6 13. Bc5+ Kg8 14. Qf3 Qg5
15. Be3 Nxe3 16. Qxe3 Qe7 17. Ne2 Bf5 18. a3 h5 19. Nb6 Bh6 20. Nd5 Qd8 21. Qb6
Qg5 22. Ne3 Kg7 23. Rd1 Be6 24. g3 Qe7 25. Bg2 Nd8 26. O-O h4 27. Bd5 hxg3 28.
fxg3 Bxe3+ 29. Qxe3 Bg4 30. Rf2 f5 31. Rdf1 e4 32. Qd4+ Kh7 33. Rf4 Bxe2 34.
Rh4+ Bh5 35. Rxh5+ gxh5 36. Rxf5 Qe8 37. Bxe4 Kg8 38. Rg5+ Kf8 39. Qxh8+ Ke7 40.
Re5+ 1-0

[Event "Challenge"]
[Site "http://www.queenalice.com/game.php?id=417636"]
[Date "2008.6.15"]
[Round "-"]
[White "dotromundo"]
[Black "dondito1"]
[Result "0-1"]
[WhiteElo "1714"]
[BlackElo "1682"]

1. e3 e5 2. d4 e4 3. d5 Nf6 4. c4 g6 5. f3 Bg7 6. Nc3 Qe7 7. a3 O-O 8. Nb5 d6 9.
fxe4 Nxe4 10. Nf3 Bg4 11. g3 a6 12. Nbd4 Re8 13. Bg2 Nd7 14. h3 Nxg3 15. Rh2 Ne5
16. hxg4 Nxg4 17. Rh4 Nxe3 18. Bxe3 Qxe3+ 19. Ne2 Nxe2 20. Qxe2 Qxe2# 0-1

[Event "Challenge"]
[Site "http://www.queenalice.com/game.php?id=417637"]
[Date "2008.6.15"]
[Round "-"]
[White "dotromundo"]
[Black "dondito1"]
[Result "0-1"]
[WhiteElo "1841"]
[BlackElo "1679"]

1. e4 d5 2. d4 dxe4 3. c4 c5 4. Be3 Nc6 5. dxc5 Nf6 6. h3 Qxd1+ 7. Kxd1 e5 8. f3
Nd4 9. f4 exf4 10. Bxd4 Be7 11. Be2 O-O 12. Nc3 Rd8 13. Nb5 Bxc5 14. Kc2 Bxd4
15. Rd1 Bb6 16. c5 Rxd1 17. Bxd1 Bxc5 18. Kb1 Bf5 19. Bc2 Rd8 20. Ne2 Be3 21.
Rf1 g5 22. g4 Bd7 23. Rd1 Kg7 24. a4 Bxb5 25. axb5 Rxd1+ 26. Bxd1 f3 27. Ng3 f2
28. Be2 Bc5 29. Bc4 e3 30. Kc2 Kg6 31. Bd3+ Kg7 32. Kd1 Nd5 33. Ne4 Nf4 34. Nxf2
exf2 35. Bf1 h5 36. Kd2 hxg4 37. hxg4 Kf6 38. Kc3 Ke5 39. b4 Bb6 40. Kd2 Kd4 41.
Kc2 Ke3 42. Kd1 Kf3 43. Bc4 f6 44. Kd2 Kxg4 45. Kd1 Kf3 46. Bf1 g4 47. Bc4 g3
0-1

[Event "Challenge"]
[Site "http://www.queenalice.com/game.php?id=417638"]
[Date "2008.6.15"]
[Round "-"]
[White "dotromundo"]
[Black "dondito1"]
[Result "1-0"]
[WhiteElo "1754"]
[BlackElo "1708"]

1. c4 Nf6 2. f4 g6 3. b4 Bg7 4. Bb2 O-O 5. h3 d5 6. e3 Nc6 7. a3 d4 8. b5 Na5 9.
Bxd4 Ne4 10. Nf3 Ng3 11. Rg1 Nxf1 12. Rxf1 Nxc4 13. Qc2 Nd6 14. Nc3 Bf5 15. e4
Bxd4 16. Nxd4 Nxe4 17. Qa4 Nc5 18. Qc4 Nd3+ 19. Ke2 Nxf4+ 20. Rxf4 e5 21. Nxf5
exf4 22. Nh6+ Kg7 23. Qxf4 Qe7+ 24. Kf1 Rae8 25. Nd5 Qe2+ 26. Kg1 Qh5 27. Ng4
Qxd5 28. Qf6+ Kg8 29. Nh6# 1-0

[Event "Challenge"]
[Site "http://www.queenalice.com/game.php?id=428211"]
[Date "2008.7.6"]
[Round "-"]
[White "Edmilson9975"]
[Black "dondito1"]
[Result "0-1"]
[WhiteElo "1277"]
[BlackElo "1688"]

1. d4 Nf6 2. Nf3 b6 3. Bg5 Ne4 4. Be3 Bb7 5. Nc3 Nxc3 6. bxc3 g6 7. h4 h5 8. c4
Bg7 9. Bf4 Nc6 10. Rb1 Nxd4 11. e3 Nxf3+ 12. gxf3 Bc3+ 13. Ke2 e5 14. Bg3 Qf6
15. e4 O-O-O 16. Qd3 Bd4 17. Bh3 g5 18. Qa3 Kb8 19. Rb3 gxh4 20. Bh2 Bxe4 21.
Rg1 Bb7 22. Qa4 e4 23. f4 d5 24. Ra3 a5 25. Rb1 dxc4 26. Qxc4 Bc5 27. Rab3 Qd6
28. Rd1 Qxd1# 0-1